000
00245pab a2200109 454500
008
180718b xxu||||| |||| 00| 0 eng d
100
_a
Nandy, Ashis
245
_a
Terrorism - Indian style
650
_a
Terrorism
773
_a
Seminar
909
_a
23938
999
_c
23938
_d
23938